Rois et Reines de Castille, d'Aragon et d'Espagne à l'époque moderne - Statistiques

Statistiques générales
  • Ce quiz a été pris 14 fois
  • Le résultat moyen est 17 sur 23
Statistiques - réponses
Royaume Maison Dates du règne Roi de France % Correct
de Castille Habsbourg 1506 Philippe Ier
92%
"des Espagnes" Habsbourg 1556-1598 Philippe II
92%
de Castille Habsbourg 1516-1555 Charles Ier
83%
d' Aragon Habsbourg 1516-1555 Charles Ier
83%
"des Espagnes" Habsbourg 1555-1556 Charles Ier
83%
de Castille Trastamare 1474-1504 Isabelle Ire
83%
"des Espagnes" Habsbourg 1598-1621 Philippe III
83%
"des Espagnes" Habsbourg 1621-1665 Philippe IV
83%
"des Espagnes" Bourbon-Anjou 1700-1716 Philippe V
83%
d'Espagne Bourbon-Anjou 1716-1724 Philippe V
83%
d'Espagne Bourbon-Anjou 1724-1746 Philippe V
83%
"des Espagnes" Habsbourg 1665-1700 Charles II
75%
d'Espagne Bourbon-Anjou 1758-1788 Charles III
75%
d' Aragon Trastamare 1479-1516 Ferdinand II
75%
de Castille Trastamare 1474-1504 Ferdinand V
75%
d'Espagne Bourbon-Anjou 1724 Louis Ier
75%
d' Aragon Trastamare 1416-1458 Alphonse V
58%
d'Espagne Bourbon-Anjou 1746-1759 Ferdinand VI
58%
de Castille Trastamare 1406-1454 Jean II
58%
d' Aragon Trastamare 1458-1479 Jean II
58%
de Castille Trastamare 1504-1555 Jeanne Ire
58%
d'Espagne Bourbon-Anjou 1788-1808 Charles IV
50%
de Castille Trastamare 1454-1474 Henri IV
50%
Aucun quiz correspondant
Distribution des résultats
% des personnes avec chaque résultat
Percentile par nombre de réponses
Votre historique - résultats
Vous n’avez pas pris ce quiz